00406nam a2200145Ia 4500003000400000005001700004008004100021020001800062040000900080082001800089100002500107245006600132260005300198300000900251OSt20200519101243.0190216s9999||||xx |||||||||||||| ||und|| a9798174355880 coclc a297.63bKHA/E aKhan, Mohammad Akram 0aEconomic Teachings Of Prophet Muhammad /cMohammad Akram Khan bAdam Publishers&Distributors,c2009.aNew Delhi: a440p